Simple Cloud Federation (Record no. 232433)

MARC details
000 -LEADER
fixed length control field 00480nam a2200133Ia 4500
008 - FIXED-LENGTH DATA ELEMENTS--GENERAL INFORMATION
fixed length control field 231221s9999 xx 000 0 und d
041 ## - LANGUAGE CODE
Language code of text/sound track or separate title English
082 ## - DEWEY DECIMAL CLASSIFICATION NUMBER
Classification number CPIS14-25
100 ## - MAIN ENTRY--PERSONAL NAME
Personal name Dinkar Sitaram. Phalachandra H L. Sudheendra Harwalkar. Sirushti Murugesan. Pavan Sudheendra. Rohith Ananth. Vidhisha B. Abdul Hannan Kanji. Swati Chidambar Bhat. Kruti B.
245 #0 - TITLE STATEMENT
Title Simple Cloud Federation
260 ## - PUBLICATION, DISTRIBUTION, ETC.
Date of publication, distribution, etc. 2014
Name of publisher, distributor, etc. IEEE
Place of publication, distribution, etc. Asia
650 ## - SUBJECT ADDED ENTRY--TOPICAL TERM
Topical term or geographic name entry element Simple,Cloud,Federation
942 ## - ADDED ENTRY ELEMENTS (KOHA)
Koha item type Institutional repository
Holdings
Date last seen Total checkouts Full call number Accession number Uniform resource identifier Price effective from Category Lost status Damaged status Department Withdrawn status Home library Current library Shelving location Entry date Grants Currency symbol Conversion rate Discount Old discount
26/01/2024   CPIS14-25 IR979 digital/ir/IR979.pdf 26/01/2024 Institutional repository     Information Science   Central Library Central Library Central Library   CS RS 1    

© For any Suggestions or Query, please contact the library staff @ librarian@pes.edu or Phone: +9180 2672 1983/ 2108.